Advances in agronomy - Vol. 46

সংরক্ষণ করুন:
গ্রন্থ-পঞ্জীর বিবরন
বিন্যাস: গ্রন্থ
ভাষা:Undetermined
প্রকাশিত: London Academic 1991
বিষয়গুলি:
ট্যাগগুলো: ট্যাগ যুক্ত করুন
কোনো ট্যাগ নেই, প্রথমজন হিসাবে ট্যাগ করুন!
Thư viện lưu trữ: Trung tâm Học liệu Trường Đại học Cần Thơ
LEADER 00453nam a2200157Ia 4500
001 CTU_30200
008 210402s9999 xx 000 0 und d
082 |a 630.5 
082 |b A244/T46 
245 0 |a Advances in agronomy - Vol. 46 
260 |a London 
260 |b Academic 
260 |c 1991 
650 |a plant genetics,soil sciences,soils - environmental aspects 
904 |i Liên, 990401 
980 |a Trung tâm Học liệu Trường Đại học Cần Thơ